000 00711nam a2200229Ia 4500
001 15914
003 GE_BSU
008 181216s||||||||xx |||||||||||||| ||und||
040 _cGE_BSU
080 _a821.353.1-1
100 _aჯალაღონია, ნ.
245 _aსიმღერის გაზაფხული
245 _bლექსები
245 _cრედ.ნ. გვარიშვილი.შ.ზამთარაძე
260 _aბათუმი
260 _bსახელგამი
260 _c1959
300 _a72გვ. ; 16სმ.
653 _aლექსები
653 _aსიმღერის გაზაფხული
942 _cBK
999 _c49009
_d49009